| 000 | 00823nam a2200253 4500 | ||
|---|---|---|---|
| 999 |
_c2803 _d2803 |
||
| 006 | a||||go||d| 00| 0 | ||
| 007 | cr ||||||||||| | ||
| 008 | 861201s1981 enka o 001 0 eng d | ||
| 020 |
_a9780444418555 _c(ebook) |
||
| 040 |
_aKO _beng |
||
| 082 | 0 | 0 |
_a574.52636 _223 |
| 245 | 0 | 0 |
_aMarine environmental pollution, v. 2. Dumping and mining. / _cedited by Richard A. Geyer. |
| 260 |
_aLondon : _bElsevier Scientific Pub. Co. ; _a: _c1981. |
||
| 300 | _a1 online resource | ||
| 490 | 0 |
_aElsevier oceanography series ; _vv. 27A-27B |
|
| 504 | _aIncludes bibliographies and indexes. | ||
| 505 | 0 | _av. 2. Dumping and mining. | |
| 650 | 0 | _aMarine pollution. | |
| 700 | 1 |
_aGeyer, Richard A. _eedt |
|
| 856 | 4 | 0 | _uhttps://www.sciencedirect.com/science/book/9780444418555 |
| 904 | _aA_BOSE | ||
| 942 | _cEB | ||